000 00921nam a2200277 a 4500
001 BRL_1103
005 20190320211033.0
008 121113s1980----mx-ao#####---#000-0#spa-#
020 _a9683800076
041 _aspa
044 _amx
050 4 _aML3570
_b.R48 1980
100 1 _aReuter, Jas
_925796
245 1 0 _aLa música popular de México
_borigen e historia de la música que canta y toca el pueblo mexicano
_cJas Reuter ; Fotografías Ruth D. Lechuga ; dibujos José Narro.
260 _aMéxico
_bPanorama
_c1980
300 _a195 p.
_bil.
_c18 cm.
440 0 _aColección Panorama
_922783
500 _aAu1277
500 _aEstado físico: desprendimiento de hojas
504 _aBibliografía: p. 193-195
650 1 4 _aMúsica popular
_xHistoria y crítica
_zMéxico
_925797
700 1 _aLechuga, Ruth D.
_d1920-2004
_eil.
_92443
700 1 _aNarro, José
_eil.
_925798
902 _aGRL
942 _2lcc
_cB
999 _c9915
_d9915